000 01381nam0a2200337 4500
001 RU\NLR\ONL1\1789
005 20250613113540.0
035 _a(NLR Aleph) 009630547
090 _a9490607
_c9490607
100 _a20030902d1934 |||y0rusy50 ca
101 0 _achm
102 _aRU
105 _aa |||||||||
135 _acrcn 024anaba
200 1 _aТура лу|йаш кузэ тунэмман
_fМ. И. Соколов кусарэн
210 _aМ.
_cВойэннэ книга лукшо государствэннэ изд-во
_d1934
215 _a88 с.
_cил.
_d17
325 1 _aКопия доступна в электронной библиотеке РНБ
541 1 _aКак научиться метко стрелять
_zrus
606 _aСтрельба пулевая
_92015106
_3RU\NLR\auth\66926866
686 1 _aЦ521
700 1 _aАртамонов
_bМ. Н.
_gМстислав Николаевич
_4070
801 0 _aRU
_bNLR
_c20030902
_gPSBO
852 _aNLR
_bОНЛ
_jМар.л./2-329
901 _eКнижные издания: ОНЛ
942 _cBOOK
980 _aNB
981 2 3 _a(23) Национальные литературы
_b(23) Книги на национальных языках